000 00537nam a22002057a 4500
003 koha_MIRAKIL
005 20231213100244.0
008 231213b |||||||| |||| 00| 0 ||| d
020 _b978-9-94434367-1
040 _aTR-IsEVY
_btur
_cTR-IsEVY
082 _aFIC KER/R
100 _aKermani, Houshang Moradi.
245 0 _aReçel kavanozu
250 _a8. bs.
260 _bKelime yayınları,
_c2016
300 _a72 s.
650 _aDünyanın İşleyişi How the world works.
650 _aGenel Konular.
942 _2ddc
_cBK
999 _c17034
_d17034